Promoted to glory : the apotheosis of George Washington : Smith College Museum of Art, Northampton, Massachusetts, February 22-April 6, 1980 : exhibition and catalogue /

Bibliographic Details
Main Author: Anderson, Patricia A.
Corporate Author: Smith College. Museum of Art
Format: Book
Language:English
Published: Northampton, Mass. : The Museum, [1980]
Subjects:

MARC

Tag First Indicator Second Indicator Subfields
LEADER 00000cam a2200000 i 4500
001 in00001148113
005 20151001062932.0
008 800530s1980 maua bc 000 0 eng
010 |a  80112868  
020 |a 0873910176 
035 |a (OCoLC)06425212 
035 |9 AGD7216AM 
040 |a DLC  |c DLC  |d UtOrBLW 
049 |a TXAM 
050 0 0 |a N7628.W3  |b A52 
082 0 |a 701.9/423/0973074014423 
090 |a N7628.W3  |b A52 1980 
100 1 |a Anderson, Patricia A. 
245 1 0 |a Promoted to glory :  |b the apotheosis of George Washington : Smith College Museum of Art, Northampton, Massachusetts, February 22-April 6, 1980 : exhibition and catalogue /  |c prepared by Patricia A. Anderson. 
264 1 |a Northampton, Mass. :  |b The Museum,  |c [1980] 
264 4 |c ©1980 
300 |a 68 pages :  |b illustrations ;  |c 27 cm. 
336 |a text  |b txt  |2 rdacontent 
337 |a unmediated  |b n  |2 rdamedia 
338 |a volume  |b nc  |2 rdacarrier 
504 |a Bibliography: pages 65-67. 
600 1 0 |a Washington, George,  |d 1732-1799. 
650 0 |a Apotheosis in art  |x Exhibitions. 
650 0 |a Allegories  |v Exhibitions. 
710 2 |a Smith College.  |b Museum of Art. 
999 |a MARS 
999 f f |s b150e567-8590-38c4-aebe-5255ffc9cf2f  |i 7babc95d-aca6-32a8-b3fb-6515c0fbdb6b  |t 0 
952 f f |p normal  |a Texas A&M University  |b College Station  |c Sterling C. Evans Library  |d Evans: Library Stacks  |t 0  |e N7628.W3 A52 1980  |h Library of Congress classification  |i unmediated -- volume  |m A14818005833 
998 f f |a N7628.W3 A52 1980  |t 0  |l Evans: Library Stacks